000
00324nam a22001457a 4500
020
_a
9788126527588
082
_a
511 GOS
100
_a
Eric Gossett
245
_a
Discrete mathematics with proof,
250
_a
2nd ed.
260
_a
New Delhi
_b
Wiley
_c
2014
300
_a
pv.
_b
ill.:
650
_a
Mathematics
942
_c
BK
999
_c
13510
_d
13510